000 00216nam a22000857a 4500
008 161209b xxu||||| |||| 00| 0 eng d
100 _91956
_aIrodow
245 _aPhysics Problems in General
260 _aNew Delhi
_bCBS
_c2000
999 _c4750
_d4750